000 00564cam a2200205 4500
008 #DATE n2002 000 0 eng u
020 _a1860815561
035 _a(Sirsi) u119699
041 _aeng
050 _a690
110 _aBuilding Research Establishment
245 _aSite-cut pitched timber roofs : construction
260 _aLondon
_bCRC
_c2002
300 _a6p.
_bill.
_c30cm.
350 _a0
490 _aGood Building Guide
_v52 Part 2
650 _aPITCHED ROOFS
690 _aBUILDING AND CONSTRUCTION-REPAIRS AND MAINTENANCE
942 _n0
999 _c102358
_d102358